000
00333nam a2200145Ia 4500
100
_a
Bakshi U A/ Godse/ A.P.
942
_c
BK
654
_a
electronics
245
_a
Basic Electrical Electronics Engineering
260
_b
Technical Pub
_c
2001
082
_a
621.381
_b
BAK/GOD
300
_a
696 0
546
_a
ENGLISH
999
_c
33647
_d
33647